000 01179nam a2200157Ia 4500
005 20250117103527.0
008 250117s9999 xx 000 0 und d
020 _a9781111342746
082 _a352SHA
245 0 _aClassics of public administration
250 _a7th ed.
300 _axii, 641 p. : ill. ; 23 cm.
500 _aIncludes bibliographic references.
520 _aWith this new seventh edition of CLASSICS OF PUBLIC ADMINISTRATION, authors Jay M. Shafritz and Albert C. Hyde aim to introduce students to the principles of public administration via the most significant scholarly writings on the topic. Straightforward and informative, this text begins its discussion with Woodrow Wilson and continues to today's political scientists. A new Section V, "Public Administration in a New Century," is dedicated to writing and thinking from the 21st century. This edition includes six new readings and addresses the key fields of public administration: bureaucracy, organization theory, human resources management, the budgetary process, public policy, implementation, evaluation, intergovernmental relations, and public service ethics.
650 _aPublic administration.
999 _c1537
_d1537